| 000 | 00898nam a22001935i 4500 | ||
|---|---|---|---|
| 001 | 165058 | ||
| 003 | ES-MaACL | ||
| 005 | 20230906213047.0 | ||
| 008 | 050809s1858 fr | |||||||| ||fre d | ||
| 040 |
_aCAM _bspa _cCAM |
||
| 100 | 1 |
_aScribe, Eugène. _9104966 |
|
| 245 | 1 | 0 |
_aHistoriettes et proverbes / _cpar Eugène Scribe. |
| 260 |
_aParis : _bMichel Lévy Frères, libraires-éditeurs, _c1858. |
||
| 300 |
_a281 p. ; _c19 cm. |
||
| 505 | 8 | _aContiene: Judith, ou La loge d'0péra ; Le tête-a-tête ou Trente lieues en poste ; Un ministre sous Louis XV ; Le Roi de Carreau ; Potemkin, ou Un caprice impérial ; Le prix de la vie ; Le jeune docteur, ou Le moyen de parvenir ; La conversion, ou a l'impossible nul n'est tenu | |
| 710 | 2 |
_aLèvy, Michel, Frères, _eed. _9134666 |
|
| 752 |
_aFrancia - _dParís |
||
| 852 |
_aES-MaACL _jC-3559 _z-- Sin enc. _z-- Legado de Modesto de La Fuente |
||
| 999 |
_c165058 _d165058 |
||